|
|
|
|
| LEADER |
01085nam a2200265 4500 |
| 001 |
c000346813 |
| 003 |
CARM |
| 005 |
00000000000000.0 |
| 008 |
851003m19691974fr 00000 fre d |
| 019 |
1 |
|
|a 54286520
|z 24610194
|z 3969828
|5 LACONCORD2021
|
| 035 |
|
|
|a (OCoLC)407930
|5 LACONCORD2021
|
| 040 |
|
|
|d NU
|
| 100 |
1 |
|
|a Mercier, Alain.
|
| 245 |
1 |
4 |
|a Les Sources ésotériques et occultes de la poésie symboliste, 1870-1914 /
|c Alain Mercier.
|
| 260 |
|
|
|a Paris :
|b Nizet,
|c 1969-1974.
|
| 300 |
|
|
|a 2 v.
|
| 505 |
0 |
|
|a t. 1. Le symbolisme francais -- t. 2. Le symbolisme europeen.
|
| 650 |
|
0 |
|a Symbolism in literature.
|
| 650 |
|
0 |
|a French poetry
|y 19th century.
|
| 852 |
8 |
|
|b CARM
|h A1:AN13A0
|i B08528
|p 0410176
|f BK
|
| 852 |
8 |
|
|b CARM
|h A1:AN13A0
|i B08528
|p 0410175
|f BK
|
| 082 |
0 |
4 |
|a 841.8
|
| 999 |
f |
f |
|i f90dfcdd-082f-5362-8012-bb88371a4631
|s 4d5b6727-44c0-5d05-a27e-4876e4dad847
|
| 952 |
f |
f |
|p Can circulate
|a CAVAL
|b CAVAL
|c CAVAL
|d CARM 1 Store
|e B08528
|f A1:AN13A0
|h Other scheme
|i book
|m 0410176
|
| 952 |
f |
f |
|p Can circulate
|a CAVAL
|b CAVAL
|c CAVAL
|d CARM 1 Store
|e B08528
|f A1:AN13A0
|h Other scheme
|i book
|m 0410175
|